000 00187 a2200097 4500
020 _a9780794541446
041 _aeng
100 _aMilbourne, Anna
245 _aDouble Trouble
942 _cBK
999 _c31662
_d31660